000 00807nam a2200253Ia 4500
003 OSt
005 20220926005354.0
006 a|||||r|||| 00| 0
007 ta
008 220923b |||||||| |||| 00| 0 eng d
020 _a9788183873901
_c505.75
037 _b171, 29/09/2010, Ansh Book International
_cGeneral Book
040 _aRTL
_cRTL
_beng
041 _2eng
_aeng
082 _aXM5.2, Q0
100 _aVARGHESE Roshna
_9310131
245 0 _aCorporate disclosure by Indian companies
260 _a New Delhi
_bSerials Publisher
_c2010
300 _aix, 199p
_ccm.
650 _aCommerce
700 _a SREERANGANADHAN K
_9310132
942 _hXM5.2, Q0
_cGB
_2CC
999 _c613586
_d613586